000 00195 a2200097 4500
020 _a9781598351156
041 _aspa
100 _aCanetti, Yanitzia
245 _aABeCedario nutritivo
942 _cBK
999 _c10122
_d10122